00287nam a2200121Ia 45000030006000000080041000060400015000471000016000622450049000782600009001275460012001360050017001480STCL150530s9999 xx 000 0 und d aSTCLcSTCL aHasbach, W. aHistory of the english agricultural labourer c1920 aEnglish20220125165551.0